| 000 | 005320000a22002050004500 | ||
|---|---|---|---|
| 001 | 1743 | ||
| 003 | CO-MdFUSB | ||
| 005 | 20170519182115.0 | ||
| 008 | 170519b xxu||||| |||| 00| 0 eng d | ||
| 020 | _a84-261-1740-6 | ||
| 040 | _cCO-MdBIC | ||
| 082 | 0 | 4 | _a863C En215t |
| 100 | 1 | _aEnde, Michael | |
| 245 | 1 | 0 | _aTragasueños / Michael Ende , Annegert Fuchshuber ; traducción Herminia Dauer |
| 250 | _a5a ed. | ||
| 260 | _aBarcelona : Juventud | ||
| 300 | _a[28 P.] | ||
| 650 | 1 | 4 | _aCuentos infantiles alemanes |
| 942 | _cLGB | ||
| 999 |
_c48901 _d48901 |
||